Victory city (Record no. 228175)

MARC details
000 -LEADER
fixed length control field 02306nam a22002057a 4500
005 - DATE AND TIME OF LATEST TRANSACTION
control field 20260121095853.0
008 - FIXED-LENGTH DATA ELEMENTS--GENERAL INFORMATION
fixed length control field 230727b ||||| |||| 00| 0 eng d
020 ## - INTERNATIONAL STANDARD BOOK NUMBER
International Standard Book Number 9780670098460
040 ## - CATALOGING SOURCE
Transcribing agency AL
041 ## - LANGUAGE CODE
Language code of text/sound track or separate title English
082 ## - DEWEY DECIMAL CLASSIFICATION NUMBER
Edition number 23
Classification number 820.33
Item number RUSV
100 ## - MAIN ENTRY--PERSONAL NAME
Personal name Salman Rushdie
100 ## - MAIN ENTRY--PERSONAL NAME
9 (RLIN) 252010
245 ## - TITLE STATEMENT
Title Victory city
260 ## - PUBLICATION, DISTRIBUTION, ETC.
Place of publication, distribution, etc. Haryana
Name of publisher, distributor, etc. Penguin Random House
Date of publication, distribution, etc. 2023
300 ## - PHYSICAL DESCRIPTION
Extent 342 p.
Other physical details HB
Dimensions 24x15.6 cm.
365 ## - TRADE PRICE
Price type code BLCR-000026
Price amount ₹560.00
Currency code
Unit of pricing ₹699.00
Price note 20%
Price effective from 15-07-2023
520 ## - SUMMARY, ETC.
Summary, etc. The new novel from the Booker prize-winning & bestselling author Salman Rushdie<br/>The epic tale of a woman who breathes a fantastical empire into existence, only to be consumed by it over the centuries – from the transcendent imagination of Booker Prize-winning, internationally bestselling author Salman Rushdie.<br/>In the wake of an insignificant battle between two long-forgotten kingdoms in fourteenth-century southern India, a nine-year-old girl has a divine encounter that will change the course of history. After witnessing the death of her mother, the grief-stricken Pampa Kampana becomes a vessel for the Goddess, who begins to speak out of the girl’s mouth. Granting her powers beyond Pampa Kampana’s comprehension, the goddess tells her that she will be instrumental in the rise of a great city called Bisnaga – literally ‘victory city’ -the wonder of the world.<br/>Over the next two hundred and fifty years, Pampa Kampana’s life becomes deeply interwoven with Bisnaga’s, from its literal sowing out of a bag of magic seeds to its tragic ruination in the most human of ways: the hubris of those in power. Whispering Bisnaga and its citizens into existence, Pampa Kampana attempts to make good on the task that the Goddess set for her: to give women equal agency in a patriarchal world. But all stories have a way of getting away from their creator, and Bisnaga is no exception. As years pass, rulers come and go, battles are won and lost, and allegiances shift, the very fabric of Bisnaga becomes an ever more complex tapestry – with Pampa Kampana at its centre.<br/>Brilliantly styled as a translation of an ancient epic, this is a saga of love, adventure and myth that is in itself a testament to the power of storytelling.<br/>
650 ## - SUBJECT ADDED ENTRY--TOPICAL TERM
Topical term or geographic name entry element English Fiction
9 (RLIN) 128598
942 ## - ADDED ENTRY ELEMENTS (KOHA)
Source of classification or shelving scheme Dewey Decimal Classification
Koha item type Book
Holdings
Withdrawn status Lost status Source of classification or shelving scheme Damaged status Not for loan Collection code Home library Current library Shelving location Date acquired Source of acquisition Cost, normal purchase price Total Checkouts Total Renewals Full call number Barcode Date last seen Date last checked out Cost, replacement price Price effective from Koha item type
    Dewey Decimal Classification     English St Aloysius Library St Aloysius Library Stack Section 07/22/2023 Navakarnataka Publications Pvt.Ltd. 560.00 2 1 820.33 RUSV 076606 10/27/2023 10/10/2023 699.00 07/27/2023 Book